[Event "NCL978 Invicta Kts-Slough"]
[Site "Rd11"]
[Date "1998.05.25"]
[Round "11.6"]
[White "Conquest, Stuart"]
[Black "Gormally, Danny"]
[Result "1-0"]
[WhiteElo "2470"]
[BlackElo "2415"]
[PlyCount "168"]
[EventDate "1998.05.25"]

1. c4 e5 2. Nc3 Nf6 3. Nf3 Nc6 4. g3 d5 5. cxd5 Nxd5 6. Bg2 Nb6 7. O-O Be7 8.
b3 O-O 9. Bb2 Re8 10. Rc1 Bf8 11. d3 a5 12. Nd2 Be6 13. Nc4 Nd5 14. Nb5 Qd7 15.
a3 Bh3 16. Bxh3 Qxh3 17. e3 Rad8 18. Qf3 Re6 19. Rfd1 f5 20. Qg2 Qh5 21. Nd2
Qf7 22. Nf3 h6 23. Kh1 Nb6 24. Rb1 Rd7 25. Ba1 Re8 26. Ne1 Red8 27. Rdc1 Rd5
28. Nc3 R5d7 29. Nb5 Be7 30. Kg1 Bf6 31. Qf3 Qe6 32. Qe2 Nc8 33. Nc3 Be7 34.
Qb2 Qg6 35. Qa2 Kh7 36. Ne2 Rf8 37. f4 Qe8 38. Rxc6 bxc6 39. Bxe5 Bf6 40. d4 c5
41. Nd3 cxd4 42. exd4 Rd5 43. Qc2 c6 44. Re1 Ne7 45. h3 Bxe5 46. fxe5 Ng6 47.
Kh2 Qd7 48. Rc1 Rxd4 49. Nc5 Qd5 50. Nxd4 Qxd4 51. Ne6 Qxe5 52. Nxf8+ Nxf8 53.
Rf1 g6 54. Qd2 Ne6 55. Re1 Qf6 56. Qd7+ Ng7 57. Qd2 Ne6 58. Qe3 Ng7 59. Qe5 Qf7
60. Re3 Qa7 61. a4 Qb6 62. Kg2 Qd8 63. Qc3 Qd5+ 64. Kf2 Qd6 65. Rd3 Qc7 66. Qd4
c5 67. Qd6 Qa7 68. Ke2 c4 69. bxc4 Qb7 70. Qd5 Qb2+ 71. Rd2 Qb3 72. Kf2 f4 73.
gxf4 Qxa4 74. Rb2 Qa3 75. Rb8 Qa2+ 76. Ke1 Qa1+ 77. Kd2 Qa2+ 78. Kd3 Qa3+ 79.
Ke4 Qe7+ 80. Kf3 Qa3+ 81. Ke4 Qe7+ 82. Qe5 Qf7 83. Kd3 Qa7 84. c5 Qd7+ 1-0

[Event "NCL978 Invicta Kts-Slough"]
[Site "Rd11"]
[Date "1998.05.25"]
[Round "11.7"]
[White "McDonald, Neil"]
[Black "Lalic, Susan"]
[Result "1-0"]
[WhiteElo "2485"]
[BlackElo "2370"]
[PlyCount "123"]
[EventDate "1998.05.25"]

1. e4 c6 2. d4 d5 3. Nd2 dxe4 4. Nxe4 Nf6 5. Nxf6+ gxf6 6. c3 Bf5 7. Nf3 e6 8.
g3 Qd5 9. Bg2 Qe4+ 10. Be3 Qc2 11. Nh4 Qxd1+ 12. Rxd1 Bg6 13. O-O Nd7 14. f4 f5
15. c4 Bh5 16. Rc1 Rc8 17. d5 Bc5 18. Rfe1 O-O 19. dxc6 bxc6 20. Nf3 Bxf3 21.
Bxf3 Bxe3+ 22. Rxe3 c5 23. Ra3 Rc7 24. Rd1 Rb8 25. b3 Rb6 26. Kf2 Kf8 27. Ke3
Ke7 28. Ra5 Nf6 29. Rd3 Ne8 30. Kd2 Nd6 31. Re3 Rb8 32. Re5 Rbc8 33. Ra6 Ne8
34. Kc3 Nf6 35. Ra5 Nd7 36. Re2 Nf6 37. Rb5 Rd8 38. Kc2 Rd4 39. Rd2 Rxd2+ 40.
Kxd2 Ne4+ 41. Ke3 Nd6 42. Ra5 Kd7 43. h3 h6 44. Kd3 Ke7 45. a3 Kd7 46. g4 fxg4
47. hxg4 f5 48. gxf5 exf5 49. b4 cxb4 50. c5 Ne4 51. axb4 Kc8 52. Bxe4 Rd7+ 53.
Bd5 Rxd5+ 54. Kc4 Rd7 55. c6 Rh7 56. b5 Kb8 57. Kc5 h5 58. b6 axb6+ 59. Kxb6 h4
60. Rxf5 Rh8 61. Rf7 h3 62. Rb7+ 1-0

[Event "NCL978 Invicta Kts-Slough"]
[Site "Rd11"]
[Date "1998.05.25"]
[Round "11.8"]
[White "Smith, Andrew P"]
[Black "Flear, Christine"]
[Result "1-0"]
[WhiteElo "2280"]
[BlackElo "2240"]
[PlyCount "121"]
[EventDate "1998.05.25"]

1. e4 c5 2. Nf3 Nc6 3. d4 cxd4 4. Nxd4 Qc7 5. Nc3 e6 6. Be3 a6 7. Bd3 Nf6 8.
Qe2 Bb4 9. O-O Ne5 10. Bd2 Bxc3 11. Bxc3 Ng6 12. Nf3 e5 13. Nd2 a5 14. Rad1 O-O
15. Bc4 d6 16. g3 Rb8 17. a4 Bd7 18. Bb5 Rfc8 19. Rfe1 Be6 20. Nb3 b6 21. Rd2
Bc4 22. Bxc4 Qxc4 23. Qxc4 Rxc4 24. f3 Ne8 25. Ra1 Nf8 26. Rd3 Ne6 27. Rd5 N6c7
28. Rdd1 Ne6 29. Kf2 g5 30. h3 Rc6 31. Ke3 h6 32. Rd2 Kf8 33. Rd3 Ke7 34. Rad1
Rbc8 35. Rc1 Rc4 36. Ra1 R8c6 37. Ke2 Kf8 38. Nc1 Nd4+ 39. Bxd4 Rxc2+ 40. Rd2
exd4 41. Nb3 d3+ 42. Kxd3 R2c4 43. Nd4 Ng7 44. Nb5 Ke7 45. Ke3 Ne8 46. Rad1
Rxa4 47. Nc3 Rxc3+ 48. bxc3 Rc4 49. Kd3 b5 50. Kc2 Rc6 51. Rd5 Nc7 52. Rf5 Rc5
53. Rxc5 dxc5 54. c4 b4 55. Ra1 Ne6 56. Rxa5 Nd4+ 57. Kd3 Nxf3 58. Rxc5 Ng1 59.
h4 gxh4 60. gxh4 Nh3 61. Ke3 1-0

[Event "NCL978 Midland Ms-Northumbria"]
[Site "Rd11"]
[Date "1998.05.25"]
[Round "11.1"]
[White "Parker, Jonathan"]
[Black "Richardson, John"]
[Result "1/2-1/2"]
[WhiteElo "2515"]
[BlackElo "2315"]
[PlyCount "90"]
[EventDate "1998.05.25"]

1. d4 Nf6 2. c4 e6 3. Nf3 d5 4. Nc3 Bb4 5. Bg5 h6 6. Bxf6 Qxf6 7. e3 O-O 8. Rc1
c6 9. Bd3 dxc4 10. Bxc4 Nd7 11. O-O Bxc3 12. Rxc3 e5 13. e4 exd4 14. Qxd4 Qxd4
15. Nxd4 Ne5 16. Be2 b6 17. Nxc6 Nxc6 18. Rxc6 Bb7 19. Rc7 Bxe4 20. Bc4 Bg6 21.
Re1 Rac8 22. Ree7 Rxc7 23. Rxc7 Rd8 24. f4 Rd4 25. g3 a6 26. Bxa6 Rd1+ 27. Kf2
Rd2+ 28. Ke3 Rxb2 29. Bc4 Kh7 30. g4 f5 31. Bd3 Kg8 32. gxf5 Bh5 33. Rc8+ Kf7
34. Bc4+ Ke7 35. Rc7+ Kf8 36. h4 Be8 37. Rc8 Ke7 38. Kd4 b5 39. Bd5 Bd7 40. Rg8
Kd6 41. Bb3 Bxf5 42. Rxg7 Rd2+ 43. Ke3 Rd3+ 44. Kf2 Rd2+ 45. Ke3 Rd3+ 1/2-1/2

[Event "NCL978 Midland Ms-Northumbria"]
[Site "Rd11"]
[Date "1998.05.25"]
[Round "11.2"]
[White "Waters, Clive"]
[Black "Hebden, Mark"]
[Result "0-1"]
[WhiteElo "2180"]
[BlackElo "2585"]
[PlyCount "96"]
[EventDate "1998.05.25"]

1. e4 e5 2. Nf3 Nc6 3. Bb5 a6 4. Ba4 Nf6 5. O-O Be7 6. Re1 b5 7. Bb3 O-O 8. a4
Bb7 9. d3 d6 10. c3 h6 11. Nbd2 Re8 12. Nf1 Bf8 13. Ne3 Ne7 14. Nh4 Qd7 15. h3
d5 16. Ng4 Nxg4 17. Qxg4 Qxg4 18. hxg4 dxe4 19. dxe4 c5 20. g5 c4 21. Bd1 hxg5
22. Bxg5 f6 23. Bc1 Red8 24. Bg4 Kf7 25. f4 exf4 26. e5 g5 27. Bh5+ Kg7 28. Bf3
Bxf3 29. Nxf3 Nf5 30. g4 Bc5+ 31. Kg2 Ne3+ 32. Bxe3 Bxe3 33. Red1 fxe5 34. axb5
axb5 35. Nxe5 Rxa1 36. Rxd8 Rb1 37. Kf3 Rxb2 38. Ke4 Bd2 39. Kf5 Bxc3 40. Rd7+
Kf8 41. Nc6 Rd2 42. Rb7 f3 43. Rb8+ Kf7 44. Rb7+ Ke8 45. Ke6 Re2+ 46. Kd6 f2
47. Rb8+ Kf7 48. Nd8+ Kg6 0-1

[Event "NCL978 Midland Ms-Northumbria"]
[Site "Rd11"]
[Date "1998.05.25"]
[Round "11.3"]
[White "Turner, Matthew"]
[Black "Pert, Richard"]
[Result "1/2-1/2"]
[WhiteElo "2470"]
[BlackElo "2235"]
[PlyCount "77"]
[EventDate "1998.05.25"]

1. c4 e6 2. b3 d5 3. Bb2 Nf6 4. e3 c5 5. Nf3 Nc6 6. d3 Be7 7. Be2 O-O 8. O-O
Qc7 9. Nc3 Rd8 10. cxd5 Nxd5 11. Rc1 Nxc3 12. Bxc3 e5 13. Qc2 Bf5 14. Rfd1 Qd6
15. Qb2 Bf6 16. Nd2 Qe6 17. Ne4 Be7 18. a3 a5 19. Qc2 Rac8 20. Bb2 Qg6 21. Ng3
Be6 22. Bh5 Qh6 23. Bf3 f6 24. Bg4 Bxg4 25. Qc4+ Kf8 26. Qxg4 Qg6 27. Qc4 Na7
28. Ne4 b5 29. Qc3 f5 30. Nd2 Nc6 31. a4 b4 32. Qc2 Rc7 33. Nc4 Qe6 34. Qe2
Rcd7 35. Rd2 Bf6 36. Rcd1 Kg8 37. h3 g6 38. Kh2 Bg7 39. e4 1/2-1/2

[Event "NCL978 Midland Ms-Northumbria"]
[Site "Rd11"]
[Date "1998.05.25"]
[Round "11.4"]
[White "Pert, Nicholas"]
[Black "Rowson, Jonathan"]
[Result "1/2-1/2"]
[WhiteElo "2320"]
[BlackElo "2485"]
[PlyCount "22"]
[EventDate "1998.05.25"]

1. d4 Nf6 2. c4 g6 3. Nc3 Bg7 4. e4 d6 5. Nf3 O-O 6. Be2 e5 7. O-O Nh5 8. Bg5
f6 9. Be3 Nf4 10. c5 Nxe2+ 11. Qxe2 exd4 1/2-1/2

[Event "NCL978 Midland Ms-Northumbria"]
[Site "Rd11"]
[Date "1998.05.25"]
[Round "11.5"]
[White "Arkell, Keith"]
[Black "Ledger, Stephen"]
[Result "1-0"]
[WhiteElo "2445"]
[BlackElo "2225"]
[PlyCount "83"]
[EventDate "1998.05.25"]

1. d4 Nf6 2. Nf3 c5 3. d5 b5 4. Bg5 d6 5. Bxf6 exf6 6. e4 Qb6 7. Nbd2 Nd7 8. a4
b4 9. Bb5 Be7 10. Nc4 Qc7 11. c3 bxc3 12. bxc3 O-O 13. O-O Ne5 14. Nfxe5 fxe5
15. a5 Rb8 16. Qa4 f5 17. exf5 Bxf5 18. Ne3 Bg6 19. Bd7 Rb7 20. Be6+ Kh8 21. a6
Be8 22. Qc2 Rb8 23. Rfb1 Bg6 24. Bf5 Bxf5 25. Nxf5 g6 26. Ne3 Kg7 27. Qa4 Bg5
28. Nf1 Qf7 29. Qa2 Bh4 30. g3 Bg5 31. h4 Bf6 32. Rxb8 Rxb8 33. Nd2 g5 34. hxg5
Bxg5 35. Ne4 Qg6 36. Qa4 Rf8 37. Rb1 Rf3 38. Rb7+ Kh6 39. Rd7 Kh5 40. Rxd6 Qf5
41. Qe8+ Kg4 42. Qe6 1-0

[Event "NCL978 Midland Ms-Northumbria"]
[Site "Rd11"]
[Date "1998.05.25"]
[Round "11.6"]
[White "Ledger, David"]
[Black "Webster, Andrew"]
[Result "0-1"]
[WhiteElo "2255"]
[BlackElo "2420"]
[PlyCount "72"]
[EventDate "1998.05.25"]

1. e4 g6 2. d4 Bg7 3. Nc3 c6 4. g3 d5 5. Be3 Nh6 6. Bg2 dxe4 7. Nxe4 Nf5 8. Ne2
e5 9. dxe5 Qxd1+ 10. Rxd1 Nxe3 11. Nd6+ Ke7 12. fxe3 Bxe5 13. Nxc8+ Rxc8 14.
Bh3 Rc7 15. b3 Na6 16. a3 h5 17. Nd4 Nc5 18. O-O a5 19. a4 Re8 20. Nf3 Bc3 21.
Nd2 Bxd2 22. Rxd2 Kf8 23. Re1 Rce7 24. Rde2 Ne4 25. Bg2 Nc3 26. Rd2 Rxe3 27.
Rxe3 Rxe3 28. Rd8+ Re8 29. Rd7 Re7 30. Rd8+ Kg7 31. Ra8 Re1+ 32. Bf1 Rc1 33.
Rxa5 Ne4 34. Kg2 Rxc2+ 35. Kg1 Nd2 36. Bg2 Nxb3 0-1

[Event "NCL978 Wood Green-Barbican"]
[Site "Rd11"]
[Date "1998.05.25"]
[Round "11.1"]
[White "Emms, John"]
[Black "Crouch, Colin"]
[Result "1-0"]
[WhiteElo "2560"]
[BlackElo "2410"]
[PlyCount "81"]
[EventDate "1998.05.25"]

1. e4 c5 2. Nf3 e6 3. Nc3 a6 4. d4 cxd4 5. Nxd4 b5 6. Bd3 Bb7 7. O-O Nc6 8.
Nxc6 Bxc6 9. Re1 Nf6 10. e5 b4 11. Ne4 Nxe4 12. Bxe4 Bxe4 13. Rxe4 d5 14. exd6
Qxd6 15. Qe2 Be7 16. a3 bxa3 17. b3 Qd5 18. Bxa3 Bxa3 19. Rxa3 O-O 20. Re5 Qd6
21. Rea5 Rfd8 22. g3 h6 23. Ra2 Qd1+ 24. Qxd1 Rxd1+ 25. Kg2 Rd2 26. Rc5 g5 27.
Rc7 Rad8 28. Rxa6 R8d5 29. g4 R5d4 30. Ra4 e5 31. Rxd4 exd4 32. Kf3 d3 33. Ke3
Re2+ 34. Kxd3 Rxf2 35. b4 Rf3+ 36. Kd2 Rf4 37. b5 Rxg4 38. b6 Rb4 39. b7 Kg7
40. c4 Kf6 41. c5 1-0

[Event "NCL978 Wood Green-Barbican"]
[Site "Rd11"]
[Date "1998.05.25"]
[Round "11.3"]
[White "Ward, Chris"]
[Black "Plueg, Andreas"]
[Result "1-0"]
[WhiteElo "2480"]
[BlackElo "2375"]
[PlyCount "91"]
[EventDate "1998.05.25"]

1. d4 Nf6 2. c4 c5 3. d5 a6 4. a4 e5 5. Nc3 d6 6. e4 g6 7. h3 Bg7 8. Nf3 Nbd7
9. Bd3 Nh5 10. Bg5 f6 11. Be3 Nf4 12. Bf1 O-O 13. g3 Nh5 14. Nd2 Qe7 15. Be2 f5
16. exf5 Ndf6 17. fxg6 hxg6 18. Qc2 Bf5 19. Bd3 e4 20. Be2 Qe5 21. g4 Ng3 22.
Rg1 Nxe2 23. Kxe2 Bd7 24. Ndxe4 Rae8 25. Nxf6+ Rxf6 26. Rg3 Bh6 27. Qd3 Bf4 28.
Rf3 g5 29. Rf1 b5 30. axb5 axb5 31. cxb5 Kg7 32. Kd2 Rb8 33. Bxf4 Rxf4 34. Rxf4
Qxf4+ 35. Qe3 Qf6 36. h4 gxh4 37. g5 Qd4+ 38. Kc1 Bxb5 39. Qxd4+ cxd4 40. Nxb5
Rxb5 41. Rh1 Kg6 42. Rxh4 d3 43. Rd4 Rb3 44. f4 Kf5 45. Kb1 Kg4 46. g6 1-0

[Event "NCL978 Wood Green-Barbican"]
[Site "Rd11"]
[Date "1998.05.25"]
[Round "11.4"]
[White "Knott, Simon"]
[Black "Levitt, Jon"]
[Result "1-0"]
[WhiteElo "2350"]
[BlackElo "2425"]
[PlyCount "63"]
[EventDate "1998.05.25"]

1. c4 f5 2. d4 Nf6 3. g3 g6 4. Bg2 Bg7 5. Nc3 d6 6. Nh3 e6 7. O-O O-O 8. b3 Qe7
9. Ba3 Ne4 10. Nxe4 fxe4 11. Nf4 e5 12. Nd5 Qd8 13. Bb2 Bf5 14. dxe5 Nd7 15. e6
Bxb2 16. e7 Qc8 17. exf8=R+ Kxf8 18. Rb1 Be5 19. Qd2 Kg7 20. Rbe1 a5 21. f3 h5
22. Ne7 Qf8 23. fxe4 Qxe7 24. exf5 g5 25. Bxb7 Rh8 26. Kg2 h4 27. g4 h3+ 28.
Kg1 Nf6 29. Bf3 a4 30. Qxg5+ Kf8 31. bxa4 Rg8 32. Qh6+ {time} 1-0

[Event "NCL978 Wood Green-Barbican"]
[Site "Rd11"]
[Date "1998.05.25"]
[Round "11.5"]
[White "Martin, Andrew"]
[Black "Pritchett, Craig"]
[Result "1/2-1/2"]
[WhiteElo "2445"]
[BlackElo "2315"]
[PlyCount "33"]
[EventDate "1998.05.25"]

1. g3 e5 2. c4 Nf6 3. Bg2 d5 4. cxd5 Nxd5 5. Nf3 Nc6 6. O-O Be7 7. d4 exd4 8.
Nxd4 Nxd4 9. Qxd4 Nf6 10. Qxd8+ Bxd8 11. Nc3 c6 12. b4 Bd7 13. Bb2 Be7 14. a3
O-O 15. Rfd1 Rad8 16. Ne4 Nxe4 17. Bxe4 1/2-1/2

[Event "NCL978 Wood Green-Barbican"]
[Site "Rd11"]
[Date "1998.05.25"]
[Round "11.6"]
[White "Dishman, Stephen"]
[Black "Pein, Malcolm"]
[Result "1-0"]
[WhiteElo "2325"]
[BlackElo "2435"]
[PlyCount "92"]
[EventDate "1998.05.25"]

1. d4 Nf6 2. Bg5 e6 3. Nd2 c5 4. e3 d5 5. Ngf3 Nbd7 6. c3 b6 7. Ne5 Qc7 8. f4
Bd6 9. Bd3 Bb7 10. Qf3 c4 11. Bc2 b5 12. a3 Nb6 13. O-O Ne4 14. Nxe4 dxe4 15.
Qh5 O-O 16. Rf3 f6 17. Rh3 g6 18. Nxg6 fxg5 19. Nxf8 Rxf8 20. Qxg5+ Kh8 21. Qg6
Rf5 22. Qxe6 Bc8 23. Qxe4 Rf7 24. Rh5 Bg4 25. Rxh7+ Rxh7 26. Qe8+ Kg7 27. Qg6+
Kh8 28. Qxg4 Re7 29. Qh5+ Kg8 30. f5 Bxh2+ 31. Qxh2 Qxh2+ 32. Kxh2 Rxe3 33. Rf1
Re2 34. Bd1 Rxb2 35. Bf3 Rc2 36. Rb1 a6 37. Bb7 Rxc3 38. Bxa6 Rxa3 39. Bxb5 c3
40. Bd3 Nd7 41. Rb7 Nf6 42. Rc7 Kf8 43. Kg1 Nd5 44. Rc5 Nf4 45. Bf1 Ra1 46. Kf2
Kg7 1-0

[Event "NCL978 Wood Green-Barbican"]
[Site "Rd11"]
[Date "1998.05.25"]
[Round "11.7"]
[White "Sowray, Peter"]
[Black "Duncan, Chris"]
[Result "1-0"]
[WhiteElo "2350"]
[BlackElo "2290"]
[PlyCount "75"]
[EventDate "1998.05.25"]

1. c4 g6 2. Nc3 Bg7 3. Nf3 d6 4. d4 Bg4 5. e3 Nd7 6. Be2 Ngf6 7. h3 Bxf3 8.
Bxf3 c6 9. O-O O-O 10. b4 Qc7 11. Qb3 e5 12. a4 Rfe8 13. a5 e4 14. Be2 Rac8 15.
Bb2 h5 16. Rfd1 Nh7 17. Qc2 f5 18. d5 Nhf6 19. dxc6 bxc6 20. Qd2 Bf8 21. Na4
Ne5 22. b5 Red8 23. b6 axb6 24. axb6 Qb8 25. Rab1 Nfd7 26. c5 Nxc5 27. Nxc5
dxc5 28. Bxe5 Rxd2 29. Bc4+ Kh7 30. Bxb8 Rxd1+ 31. Rxd1 Rxb8 32. Rd7+ Kh6 33.
b7 Bg7 34. Be6 h4 35. Rf7 Re8 36. Rxg7 Rxe6 37. Rc7 Re8 38. Rc8 1-0

[Event "NCL978 Richmond-NW Eagles"]
[Site "Rd11"]
[Date "1998.05.25"]
[Round "11.1"]
[White "Bates, Richard"]
[Black "Littlewood, John"]
[Result "0-1"]
[WhiteElo "2430"]
[BlackElo "2290"]
[PlyCount "62"]
[EventDate "1998.05.25"]

1. d4 g6 2. e4 d6 3. c4 Bg7 4. Nc3 Nf6 5. h3 c5 6. d5 e6 7. Nf3 exd5 8. cxd5
O-O 9. Bd3 a6 10. a4 Nbd7 11. O-O Re8 12. Bf4 c4 13. Bc2 Nc5 14. Re1 Qb6 15.
Rb1 Nh5 16. Bh2 Nd7 17. g4 Nhf6 18. Bf4 h5 19. Nd2 Qc7 20. Qe2 b5 21. axb5 Nb6
22. e5 Bd7 23. exf6 Rxe2 24. fxg7 Rxd2 25. Bxd2 axb5 26. gxh5 gxh5 27. Bh6 b4
28. Ne4 Kh7 29. Nf6+ Kxh6 30. Re8 Kxg7 31. Nxh5+ Kh6 0-1

[Event "NCL978 Richmond-NW Eagles"]
[Site "Rd11"]
[Date "1998.05.25"]
[Round "11.2"]
[White "Lund, Brett"]
[Black "McShane, Luke"]
[Result "1-0"]
[WhiteElo "2255"]
[BlackElo "2490"]
[PlyCount "76"]
[EventDate "1998.05.25"]

1. g3 Nf6 2. Bg2 g6 3. e4 d6 4. d4 Bg7 5. Ne2 O-O 6. Nbc3 Nbd7 7. h3 e5 8. Be3
c6 9. a4 b6 10. O-O Bb7 11. g4 Re8 12. Ng3 d5 13. exd5 Nxd5 14. Nxd5 cxd5 15.
Qd2 Rc8 16. c3 e4 17. f3 Nf6 18. g5 exf3 19. Bxf3 Ne4 20. Nxe4 dxe4 21. Bg4 Rc7
22. b3 f5 23. gxf6 Bxf6 24. Rf2 Bh4 25. Rg2 Rf7 26. c4 Bc8 27. d5 Bxg4 28. hxg4
Qf6 29. Rd1 Qd6 30. b4 Rf3 31. c5 bxc5 32. bxc5 Qd7 33. d6 Re5 34. Qd4 Bg3 35.
Qc4+ Kg7 36. Bd4 Kh6 37. Bxe5 Qxg4 38. Rf1 e3 1-0

[Event "NCL978 Richmond-NW Eagles"]
[Site "Rd11"]
[Date "1998.05.25"]
[Round "11.3"]
[White "Hinks-Edwards, Tom"]
[Black "Tebb, David"]
[Result "1/2-1/2"]
[WhiteElo "2260"]
[BlackElo "2260"]
[PlyCount "42"]
[EventDate "1998.05.25"]

1. e4 c5 2. Nf3 Nc6 3. d4 cxd4 4. Nxd4 Nf6 5. Nc3 e5 6. Ndb5 d6 7. Bg5 a6 8.
Na3 b5 9. Bxf6 gxf6 10. Nd5 f5 11. Bd3 Be6 12. O-O Bxd5 13. exd5 Ne7 14. c3 Bg7
15. Nc2 O-O 16. f4 e4 17. Be2 Qb6+ 18. Kh1 Qc5 19. Qd2 Qxd5 20. Qxd5 Nxd5 21.
Rad1 Nb6 1/2-1/2

[Event "NCL978 Richmond-NW Eagles"]
[Site "Rd11"]
[Date "1998.05.25"]
[Round "11.4"]
[White "James, Dale"]
[Black "Williams, Simon"]
[Result "1/2-1/2"]
[WhiteElo "2255"]
[BlackElo "2315"]
[PlyCount "78"]
[EventDate "1998.05.25"]

1. e4 e6 2. Nf3 d5 3. e5 c5 4. c4 d4 5. d3 Nc6 6. g3 Nge7 7. Bg2 Ng6 8. Bf4
Nxf4 9. gxf4 f6 10. Nh4 g6 11. Bxc6+ bxc6 12. Qg4 Bg7 13. Nf3 O-O 14. O-O fxe5
15. fxe5 Rb8 16. b3 Rf5 17. Re1 Rb7 18. Nbd2 Rbf7 19. Re2 Bh6 20. Kf1 Qf8 21.
Kg2 Kh8 22. Rg1 Bd7 23. Rge1 Rf4 24. Qg3 g5 25. Ng1 g4 26. Ne4 Bg7 27. Nd6 Re7
28. Re4 Bh6 29. Rxf4 Bxf4 30. Qh4 Rg7 31. Qf6 Qxf6 32. exf6 Rg6 33. Ne4 e5 34.
Ne2 Bh6 35. N2g3 Bf8 36. Nd2 Bd6 37. Nde4 Bf8 38. Nd2 Bd6 39. Nde4 Bf8 1/2-1/2

[Event "NCL978 Richmond-NW Eagles"]
[Site "Rd11"]
[Date "1998.05.25"]
[Round "11.5"]
[White "Wall, Gavin"]
[Black "Merriman, John"]
[Result "1-0"]
[WhiteElo "2320"]
[BlackElo "2255"]
[PlyCount "79"]
[EventDate "1998.05.25"]

1. e4 e6 2. d4 d5 3. e5 c5 4. c3 Nc6 5. Nf3 Qb6 6. a3 Nh6 7. b4 cxd4 8. cxd4
Nf5 9. Be3 Be7 10. Bd3 Nxe3 11. fxe3 Bd7 12. Nc3 f6 13. O-O O-O 14. Na4 Qd8 15.
Qc2 f5 16. Nc5 Rb8 17. Rac1 Bc8 18. Qa4 g5 19. Bb5 Qb6 20. Ne1 g4 21. Ned3 Bg5
22. Nf4 Re8 23. Rc3 Re7 24. Bxc6 bxc6 25. Rfc1 Kf7 26. Qd1 a5 27. h3 axb4 28.
axb4 Bxf4 29. exf4 h5 30. Rb1 Ba6 31. Qe1 Rh8 32. Qh4 Rh6 33. hxg4 fxg4 34. Qg5
Rh7 35. Qf6+ Ke8 36. Nxe6 Ref7 37. Qg6 Bc8 38. Rxc6 Qxc6 39. Ng7+ Kd7 40. e6+
1-0

[Event "NCL978 Richmond-NW Eagles"]
[Site "Rd11"]
[Date "1998.05.25"]
[Round "11.6"]
[White "Giblin, William"]
[Black "Franklin, Michael"]
[Result "1/2-1/2"]
[WhiteElo "2160"]
[BlackElo "2195"]
[PlyCount "33"]
[EventDate "1998.05.25"]

1. d4 Nf6 2. Nf3 e6 3. c4 Bb4+ 4. Bd2 Qe7 5. g3 b6 6. Bg2 Bb7 7. O-O Bxd2 8.
Nbxd2 d6 9. Qc2 c5 10. e4 cxd4 11. Nxd4 O-O 12. a4 Rc8 13. a5 Nc6 14. Nxc6 Bxc6
15. axb6 axb6 16. Qd3 Qc7 17. b3 1/2-1/2

[Event "NCL978 Richmond-NW Eagles"]
[Site "Rd11"]
[Date "1998.05.25"]
[Round "11.7"]
[White "Phillips, Roy"]
[Black "Ilecki, Wojtech"]
[Result "0-1"]
[WhiteElo "2230"]
[BlackElo "2170"]
[PlyCount "72"]
[EventDate "1998.05.25"]

1. e4 Nf6 2. Nc3 d5 3. e5 Ne4 4. Nce2 d4 5. c3 Nc6 6. cxd4 Ng5 7. f4 Ne6 8. Nf3
g6 9. Qa4 Bg7 10. d3 Qd7 11. Qc4 b5 12. Qc3 a5 13. Be3 O-O 14. g4 Nb4 15. f5
Nc5 16. Rd1 Na4 17. Qd2 gxf5 18. Bh6 Nxd3+ 19. Qxd3 Bxh6 20. Rg1 Kh8 21. gxf5
Qxf5 22. Qxb5 Bd7 23. Qd3 Nxb2 24. Qxf5 Bxf5 25. Ra1 Be3 26. Rg2 Nd3+ 27. Kd1
Bh3 28. Rg3 Bxf1 29. Nfg1 Bxg1 30. Nxg1 Nb4 31. a3 Nd5 32. Kd2 Ba6 33. Nf3 Rg8
34. Ng5 Rg7 35. e6 fxe6 36. Rf1 Bxf1 0-1

[Event "NCL978b Gwent Dragons-Guildfor"]
[Site "Rd2"]
[Date "1997.10.26"]
[Round "2.1"]
[White "Jones, Iolo"]
[Black "Punnett, Alan"]
[Result "1/2-1/2"]
[WhiteElo "2245"]
[BlackElo "2100"]
[PlyCount "40"]
[EventDate "1997.10.26"]
[Source "4NCL"]
[SourceDate "1998.01.01"]

1. d4 Nf6 2. Nf3 d5 3. Bg5 e6 4. e3 h6 5. Bf4 c5 6. c3 Nc6 7. Nbd2 Bd6 8. Bg3
Bxg3 9. hxg3 Qd6 10. Bd3 Bd7 11. O-O O-O 12. Re1 e5 13. dxc5 Qxc5 14. e4 Ng4
15. Rf1 Be6 16. exd5 Qxd5 17. Bc4 Qd7 18. Bxe6 Qxe6 19. Qb3 Qxb3 20. Nxb3 Rfe8
1/2-1/2

[Event "NCL978b Gwent Dragons-Guildfor"]
[Site "Rd2"]
[Date "1997.10.25"]
[Round "2.2"]
[White "Shepley, Julien"]
[Black "Varley, Peter"]
[Result "1/2-1/2"]
[WhiteElo "2180"]
[BlackElo "2220"]
[PlyCount "26"]
[EventDate "1997.10.26"]
[Source "4NCL"]
[SourceDate "1998.01.01"]

1. Nc3 d5 2. e4 c6 3. f4 dxe4 4. Nxe4 Nd7 5. Nf3 Ngf6 6. Nf2 e6 7. b3 Bd6 8. g3
e5 9. fxe5 Nxe5 10. Bb2 Qe7 11. Nxe5 Bxe5 12. Bxe5 Qxe5+ 13. Qe2 Qxe2+ 1/2-1/2

[Event "NCL978b Wessex-Bristol2"]
[Site "Rd2"]
[Date "1997.10.26"]
[Round "2.1"]
[White "Rossiter, Philip"]
[Black "Mordue, Tyson"]
[Result "0-1"]
[WhiteElo "2370"]
[BlackElo "2255"]
[PlyCount "74"]
[EventDate "1997.10.26"]
[Source "4NCL"]
[SourceDate "1998.01.01"]

1. e4 c5 2. Nf3 d6 3. d4 cxd4 4. Nxd4 Nf6 5. Nc3 a6 6. h3 e6 7. g4 h6 8. Bg2
Be7 9. Be3 Qc7 10. Qe2 Nbd7 11. O-O-O Ne5 12. Kb1 Nc4 13. Bc1 Bd7 14. f4 Rc8
15. b3 Qa5 16. Qe1 Na3+ 17. Kb2 e5 18. Nf5 Bxf5 19. exf5 exf4 20. Rh2 O-O 21.
Bf1 Rfe8 22. Na4 Qxe1 23. Rxe1 Nb5 24. Kb1 f3 25. Bb2 d5 26. Bxb5 axb5 27. Nb6
Bc5 28. Rf1 Bxb6 29. Bxf6 gxf6 30. Rxf3 Re1+ 31. Kb2 Bd4+ 32. c3 Be5 33. Rd2 b4
34. Rxd5 bxc3+ 35. Kc2 Re2+ 36. Kc1 c2 37. Rf1 Bb2+ 0-1

[Event "NCL978b Wessex-Bristol2"]
[Site "Rd2"]
[Date "1997.10.26"]
[Round "2.2"]
[White "Moskovic, David"]
[Black "Upton, Ian"]
[Result "1-0"]
[WhiteElo "2180"]
[BlackElo "2245"]
[PlyCount "77"]
[EventDate "1997.10.26"]
[Source "4NCL"]
[SourceDate "1998.01.01"]

1. e4 e6 2. d4 d5 3. e5 c5 4. c3 Nc6 5. Nf3 Bd7 6. a3 c4 7. Bf4 Qc7 8. Qc2 Nge7
9. h4 O-O-O 10. Ng5 Be8 11. Nd2 h6 12. Nh3 Nf5 13. Nf3 Be7 14. g3 Qb6 15. Bg2
f6 16. O-O Bh5 17. Rae1 Bf7 18. Bc1 fxe5 19. Nxe5 Nxe5 20. Rxe5 Bf6 21. Ree1
Ne7 22. Qe2 Rde8 23. h5 Nc6 24. Nf4 Kb8 25. Qg4 Bg5 26. Re2 Re7 27. Ng6 Bxg6
28. hxg6 Bxc1 29. Rxc1 Rhe8 30. Rce1 a6 31. Rxe6 Qxb2 32. Rxe7 Rxe7 33. Rxe7
Nxe7 34. Qf4+ Ka7 35. Qf7 Qb1+ 36. Kh2 Nxg6 37. Bxd5 Qb6 38. Qxg7 Qd6 39. Qxb7#
1-0

[Event "NCL978b Wessex-Bristol2"]
[Site "Rd2"]
[Date "1997.10.26"]
[Round "2.3"]
[White "Corkett, Anthony"]
[Black "Rudd, Jack"]
[Result "0-1"]
[WhiteElo "2295"]
[BlackElo "2170"]
[PlyCount "100"]
[EventDate "1997.10.26"]
[Source "4NCL"]
[SourceDate "1998.01.01"]

1. d4 Nf6 2. Nf3 c5 3. d5 e6 4. c4 exd5 5. cxd5 d6 6. Nc3 g6 7. e3 Bg7 8. Be2
O-O 9. O-O Na6 10. Re1 Nc7 11. a4 b6 12. e4 Re8 13. Nd2 Rb8 14. Bf1 a6 15. Nc4
Ng4 16. h3 Ne5 17. Nxe5 Bxe5 18. f4 Bg7 19. Bd2 b5 20. axb5 axb5 21. Qf3 b4 22.
Nd1 f5 23. Rc1 Qh4 24. Bd3 fxe4 25. Rxe4 Bb7 26. Bc4 Rxe4 27. Qxe4 Re8 28. Qf3
Ne6 29. b3 Nd4 30. Qf2 Qh5 31. Ne3 Bc8 32. Kh2 Bf6 33. g4 Qh4 34. Qg2 Bg7 35.
Rf1 Qf6 36. Qg3 Qe7 37. h4 Qe4 38. Kg1 Rf8 39. h5 gxh5 40. g5 h4 41. Qg2 Rxf4
42. Qxe4 Rxe4 43. Bd3 Re8 44. Nc4 Nxb3 45. Bf4 Bh3 46. Rb1 Nd4 47. Bxd6 Bf8 48.
Bf4 Ne2+ 49. Bxe2 Rxe2 50. Ne3 Bg7 0-1